I am Malala Yousafzai / Brad Meltzer ; illustrated ... Read More
Available copies
- 2 of 4 copies available at LARL/NWRL Consortium.
- 1 of 2 copies available at Lake Agassiz Regional Library. (Show preferred library)
Current holds
0 current holds with 4 total copies.
Show Only Available Copies
| Location | Call Number / Copy Notes | Barcode | Shelving Location | Status | Due Date |
|---|---|---|---|---|---|
| Ada Public Library | E 921 YOU (Text) | 33500013542436 | Main | Available | - |
| Detroit Lakes Public Library | E 921 YOU (Text) | 33500013542444 | Main | Checked out | 06/18/2026 |
| Roseau Public Library | e 921 YOU (Text) | 35500006750069 | Main | Available | - |
| Roseau Public Library | e 921 YOU (Text) | 35500006752107 | Main | Checked out | 06/25/2026 |
Record details
- ISBN: 9780593405888
- ISBN: 0593405889
- Physical Description: 1 volume (unpaged) : color illustrations ; 20 cm.
- Publisher: New York : Dial Books for Young Readers, 2022.
Content descriptions
| Bibliography, etc. Note: | Includes bibliographical references. |
| Summary, etc.: | "Malala Yousafzai won the Nobel Peace Prize at the ... Read More |
Search for related items by subject
| Genre: | Biographies. Picture books. |
Search for related items by series
| LDR | 02969cam a2200649Ii 4500 | ||
|---|---|---|---|
| 001 | 386434 | ||
| 003 | LARL_NWRL_CONSORTIUM | ||
| 005 | 20220302222119.0 | ||
| 008 | 220202s2022 nyua b b6 000 0beng d | ||
| 040 | . | ‡aNjBwBT ‡beng ‡erda ‡cOQX ‡dOQX ‡dOCLCQ ‡dRNL ‡dOJ4 ‡dYDX ‡dBDX ‡dUKMGB ‡dTCH | |
| 015 | . | ‡aGBC201635 ‡2bnb | |
| 016 | 7 | . | ‡a020442742 ‡2Uk |
| 019 | . | ‡a1249630459 | |
| 020 | . | ‡a9780593405888 ‡q(library binding) | |
| 020 | . | ‡a0593405889 ‡q(library binding) | |
| 035 | . | ‡a(OCoLC)1294510756 ‡z(OCoLC)1249630459 | |
| 043 | . | ‡aa-pk--- | |
| 082 | 0 | 4. | ‡a371.82209/5491092 ‡aB ‡223/eng/20220127 |
| 100 | 1 | . | ‡aMeltzer, Brad, ‡eauthor. ‡0(LARL_NWRL_CONSORTIUM)121825 |
| 245 | 1 | 0. | ‡aI am Malala Yousafzai / ‡cBrad Meltzer ; illustrated by Christopher Eliopoulos. |
| 246 | 3 | 0. | ‡aMalala Yousafzai |
| 264 | 1. | ‡aNew York : ‡bDial Books for Young Readers, ‡c2022. | |
| 300 | . | ‡a1 volume (unpaged) : ‡bcolor illustrations ; ‡c20 cm. | |
| 336 | . | ‡atext ‡btxt ‡2rdacontent | |
| 336 | . | ‡astill image ‡bsti ‡2rdacontent | |
| 337 | . | ‡aunmediated ‡bn ‡2rdamedia | |
| 338 | . | ‡avolume ‡bnc ‡2rdacarrier | |
| 490 | 0 | . | ‡aOrdinary people change the world |
| 520 | . | ‡a"Malala Yousafzai won the Nobel Peace Prize at the age of seventeen for speaking out against injustice even when it was terrifying to do so. She was an ordinary Muslim girl who wanted to attend school, and she refused to stop protesting for her rights even after being attacked by a powerful group in Pakistan who wanted women to remain in the shadows. She continues to fight for women's rights and free education for children all over the world"-- ‡cProvided by publisher | |
| 504 | . | ‡aIncludes bibliographical references. | |
| 600 | 1 | 0. | ‡aYousafzai, Malala, ‡d1997- ‡vJuvenile literature. |
| 650 | 0. | ‡aWomen social reformers ‡zPakistan ‡vBiography ‡vJuvenile literature. | |
| 650 | 0. | ‡aWomen political activists ‡zPakistan ‡vBiography ‡vJuvenile literature. | |
| 650 | 0. | ‡aWomen Nobel Prize winners ‡vBiography ‡vJuvenile literature. | |
| 650 | 0. | ‡aGirls ‡xEducation ‡zPakistan ‡vJuvenile literature. | |
| 600 | 1 | 1. | ‡aYousafzai, Malala, ‡d1997- ‡0(LARL_NWRL_CONSORTIUM)220957 |
| 650 | 1. | ‡aWomen social reformers. ‡0(LARL_NWRL_CONSORTIUM)34775 | |
| 650 | 1. | ‡aWomen political activists. ‡0(LARL_NWRL_CONSORTIUM)37141 | |
| 650 | 1. | ‡aReformers. ‡0(LARL_NWRL_CONSORTIUM)29587 | |
| 650 | 1. | ‡aPolitical activists. ‡0(LARL_NWRL_CONSORTIUM)36768 | |
| 650 | 1. | ‡aWomen Nobel Prize winners. ‡0(LARL_NWRL_CONSORTIUM)162714 | |
| 650 | 1. | ‡aWomen ‡vBiography. ‡0(LARL_NWRL_CONSORTIUM)34555 | |
| 650 | 1. | ‡aGirls ‡xEducation. | |
| 650 | 1. | ‡aPicture books. ‡0(LARL_NWRL_CONSORTIUM)28193 | |
| 650 | 7. | ‡aJUVENILE NONFICTION / Biography & Autobiography / Social Activists. ‡2bisacsh | |
| 650 | 7. | ‡aJUVENILE NONFICTION / People & Places / Middle East. ‡2bisacsh | |
| 650 | 7. | ‡aJUVENILE NONFICTION / Biography & Autobiography / Women. ‡2bisacsh | |
| 655 | 7. | ‡aBiographies. ‡2lcgft | |
| 655 | 7. | ‡aPicture books. ‡2lcgft | |
| 700 | 1 | . | ‡aEliopoulos, Chris, ‡eillustrator. ‡0(LARL_NWRL_CONSORTIUM)147106 |
| 901 | . | ‡a386434 ‡b ‡c386434 ‡tbiblio | |

Add to basket
Permalink
Disable Highlighting